Normale Ansicht MARC-Ansicht ISBD

Neuer Chef am Frankfurter Klinikum. (Titelsatznr. 80714)

[ MARC ]
MARC-Details
000 -Satzkennung
Kontrollfeld mit fester Länge 00828nam a22001937a 4500
008 - Feld mit fester Länge zur physischen Beschreibung - Allgemeine Angaben
Kontrollfeld mit fester Länge 201130b ||||| |||| 00| 0 eng d
040 ## - Katalogisierungsquelle
Katalogisierungssprache ger
Übertragungsstelle STAFF
Beschreibungsfestlegungen rda
Original-Katalogisierungsstelle STAFF
041 ## - Sprachcode
Sprachcode des Textes/der Tonspur oder des separaten Titels ger
100 ## - Person oder Familie als 1. geistiger Schöpfer
Personenname Gutke, Thomas:
245 ## - Titel
Haupttitel Neuer Chef am Frankfurter Klinikum.
Titelzusatz Personalie: Patrick Hilbrenner folgt zum 1. April auf Mirko Papenfuß als Geschäftsführer in Markendorf. Zurzeit managt er als Regionalgeschäftsführer die Asklepios-Standorte in Sachsen und Sachsen-Anhalt /
Verantwortlichkeitsangabe Thomas Gutke
653 ## - Lokales Schlagwort
Nicht-normierter Term Hilbrenner, Patrick
653 ## - Lokales Schlagwort
Nicht-normierter Term Frankfurt (Oder)
653 ## - Lokales Schlagwort
Nicht-normierter Term Klinikum
773 ## - Übergeordnete Einheit
Ort, Verlag und Erscheinungsjahr Frankfurt (Oder): Märkisches Verlags- und Druckhaus GmbH & Co KG
Verknüpfungsangaben 32. Jahrgang (2021) Nr. 37 vom 13./14.02.2021, S. 18
Titel Märkische Oderzeitung
942 ## - Zusätzliche Felder (Koha)
Koha-Medientyp Aufsätze
Exemplare
Ausgeschieden Verloren Beschädigt Nicht entleihbar Permanenter Standort Aktueller Standort Aufstellungsort Eingabedatum Anzahl Ausleihen Signatur Letzte Aktivität Preis gültig von Medientyp
        Stadtarchiv Frankfurt (Oder) | Archivbibliothek Stadtarchiv Frankfurt (Oder) | Archivbibliothek Magazin 15/02/2021   Z2 15/02/2021 15/02/2021 Aufsätze